000 00357 a2200145 4500
005 20250623112738.0
020 _a0 582 08202 1
082 _aLM 621.381 GRE
100 _aGREEN, D. C.
245 _aElectronics III
250 _a4th Ed.
260 _aHarlow,
_bELBS with Longman,
_c1988.
300 _a167p.: figure, table.
_bIndex.
_c26cm.
942 _2ddc
_cBKS
999 _c3232
_d3232